01790 2200373 4500001002100000005001500021035002000036007000300056008004100059020002200100082000800122084001400130100002300144245021800167250001700385300003800402650000800440650000800448650004200456650003400498700002900532700002900561700003000590700002500620700002900645700002800674520054900702264003901251336002101290337003001311338002301341740004301364990000901407INLIS00000000000300220260406080936 a0010-0426000016ta260406 g 0 ind  a978-979-3535-26-5 a030 a030 HEN e0 aHenry PePengarang1 aENSIKLOPEDIA PENGETAHUAN POPULER : Ensiklopedia IPA dan IPS untuk Pelajar Unggulan Jilid 5: Revolusi-Zoologi /cHenry P., Sisilia Rini, Bayu Nugroho ; penyunting, Johan Aguston, Rizky R., Rahmat Salim, M. Surianto aCetakan 2017 a488 halaman :bilustrasi ;c30 cm 4aIPA 4aIPS 4aEnsiklopedia pendidikan untuk pelajar 4aReferensi belajar IPA dan IPS0 aSisilia RiniePenerjemah0 aBayu NugrohoePenerjemah0 aJohan AgustonePenyunting0 aRizky R.ePenyunting0 aRahmat SalimePenyunting0 aM. SuriantoePenyunting aJilid kelima ini berisi entri ensiklopedis dari Revolusi hingga Zoologi, mencakup: • IPS: konsep revolusi (politik, sosial, ekonomi), sejarah revolusi dunia dan dampaknya. • IPA: zoologi (klasifikasi hewan, anatomi, ekologi, perilaku hewan). • Disusun dengan bahasa populer, ringkas, dan visual, sehingga memudahkan pelajar memahami konsep dasar. • Menjadi penutup seri ensiklopedia, melengkapi cakupan alfabetis dari jilid 1 hingga 5. • Cocok sebagai referensi tambahan untuk siswa SMP/SMA dan koleksi perpustakaan sekolah. aJakarta :bPT LENTERA ABADI,c2017 2rdacontentateks 2rdamediaatanpa perantara 2rdacarrieravolume aThe Kingfisher Children's Encyclopedia a7585